Ergodic Theory and Negative Curvature (Запис № 446093)

МАРК-запис
000 -LEADER
fixed length control field 03533nam a22005775i 4500
001 - CONTROL NUMBER
control field 978-3-319-43059-1
003 - CONTROL NUMBER IDENTIFIER
control field DE-He213
005 - DATE AND TIME OF LATEST TRANSACTION
control field 20210118123422.0
007 - PHYSICAL DESCRIPTION FIXED FIELD--GENERAL INFORMATION
fixed length control field cr nn 008mamaa
008 - FIXED-LENGTH DATA ELEMENTS--GENERAL INFORMATION
fixed length control field 171218s2017 gw | s |||| 0|eng d
020 ## - INTERNATIONAL STANDARD BOOK NUMBER
International Standard Book Number 9783319430591
-- 978-3-319-43059-1
024 7# - OTHER STANDARD IDENTIFIER
Standard number or code 10.1007/978-3-319-43059-1
Source of number or code doi
050 #4 - LIBRARY OF CONGRESS CALL NUMBER
Classification number QA313
072 #7 - SUBJECT CATEGORY CODE
Subject category code PBWR
Source bicssc
072 #7 - SUBJECT CATEGORY CODE
Subject category code MAT034000
Source bisacsh
072 #7 - SUBJECT CATEGORY CODE
Subject category code PBWR
Source thema
082 04 - DEWEY DECIMAL CLASSIFICATION NUMBER
Classification number 515.39
Edition number 23
082 04 - DEWEY DECIMAL CLASSIFICATION NUMBER
Classification number 515.48
Edition number 23
245 10 - TITLE STATEMENT
Title Ergodic Theory and Negative Curvature
Medium [electronic resource] :
Remainder of title CIRM Jean-Morlet Chair, Fall 2013 /
Statement of responsibility, etc edited by Boris Hasselblatt.
250 ## - EDITION STATEMENT
Edition statement 1st ed. 2017.
264 #1 -
-- Cham :
-- Springer International Publishing :
-- Imprint: Springer,
-- 2017.
300 ## - PHYSICAL DESCRIPTION
Extent VII, 328 p. 68 illus., 17 illus. in color.
Other physical details online resource.
336 ## -
-- text
-- txt
-- rdacontent
337 ## -
-- computer
-- c
-- rdamedia
338 ## -
-- online resource
-- cr
-- rdacarrier
347 ## -
-- text file
-- PDF
-- rda
490 1# - SERIES STATEMENT
Series statement Lecture Notes in Mathematics,
Міжнародний стандартний серійний номер для назви серії (ISSN) 0075-8434 ;
Том/ позначення послідовності 2164
520 ## - SUMMARY, ETC.
Summary, etc Focussing on the mathematics related to the recent proof of ergodicity of the (Weil–Petersson) geodesic flow on a nonpositively curved space whose points are negatively curved metrics on surfaces, this book provides a broad introduction to an important current area of research. It offers original textbook-level material suitable for introductory or advanced courses as well as deep insights into the state of the art of the field, making it useful as a reference and for self-study.  The first chapters introduce hyperbolic dynamics, ergodic theory and geodesic and horocycle flows, and include an English translation of Hadamard's original proof of the Stable-Manifold Theorem. An outline of the strategy, motivation and context behind the ergodicity proof is followed by a careful exposition of it (using the Hopf argument) and of the pertinent context of Teichmüller theory. Finally, some complementary lectures describe the deep connections between geodesic flows in negative curvature and Diophantine approximation.
506 ## - RESTRICTIONS ON ACCESS NOTE
Terms governing access Available to subscribing member institutions only. Доступно лише організаціям членам підписки.
506 ## - RESTRICTIONS ON ACCESS NOTE
Standardized terminology for access restriction Online access from local network of NaUOA.
506 ## - RESTRICTIONS ON ACCESS NOTE
Standardized terminology for access restriction Online access with authorization at https://link.springer.com/
506 ## - RESTRICTIONS ON ACCESS NOTE
Standardized terminology for access restriction Онлайн-доступ з локальної мережі НаУОА.
506 ## - RESTRICTIONS ON ACCESS NOTE
Standardized terminology for access restriction Онлайн доступ з авторизацією на https://link.springer.com/
650 #0 - SUBJECT ADDED ENTRY--TOPICAL TERM
Topical term or geographic name as entry element Dynamics.
650 #0 - SUBJECT ADDED ENTRY--TOPICAL TERM
Topical term or geographic name as entry element Ergodic theory.
650 #0 - SUBJECT ADDED ENTRY--TOPICAL TERM
Topical term or geographic name as entry element Differential geometry.
650 14 - SUBJECT ADDED ENTRY--TOPICAL TERM
Topical term or geographic name as entry element Dynamical Systems and Ergodic Theory.
-- http://scigraph.springernature.com/things/product-market-codes/M1204X
650 24 - SUBJECT ADDED ENTRY--TOPICAL TERM
Topical term or geographic name as entry element Differential Geometry.
-- http://scigraph.springernature.com/things/product-market-codes/M21022
700 1# - ADDED ENTRY--PERSONAL NAME
Personal name Hasselblatt, Boris.
Relator term editor.
Relator code edt
-- http://id.loc.gov/vocabulary/relators/edt
710 2# - ADDED ENTRY--CORPORATE NAME
Corporate name or jurisdiction name as entry element SpringerLink (Online service)
773 0# - HOST ITEM ENTRY
Title Springer eBooks
776 08 - ADDITIONAL PHYSICAL FORM ENTRY
Display text Printed edition:
International Standard Book Number 9783319430584
776 08 - ADDITIONAL PHYSICAL FORM ENTRY
Display text Printed edition:
International Standard Book Number 9783319430607
830 #0 - SERIES ADDED ENTRY--UNIFORM TITLE
Uniform title Lecture Notes in Mathematics,
-- 0075-8434 ;
Volume number/sequential designation 2164
856 40 - ELECTRONIC LOCATION AND ACCESS
Uniform Resource Identifier <a href="https://doi.org/10.1007/978-3-319-43059-1">https://doi.org/10.1007/978-3-319-43059-1</a>
912 ## -
-- ZDB-2-SMA
912 ## -
-- ZDB-2-LNM
942 ## - ADDED ENTRY ELEMENTS (KOHA)
Koha item type ЕКнига

Немає доступних примірників.